C++.NET fundas (Record no. 10842)
[ view plain ]
| 000 -LEADER | |
|---|---|
| fixed length control field | 00430 a2200157 4500 |
| 020 ## - INTERNATIONAL STANDARD BOOK NUMBER | |
| International Standard Book Number | 9812140581 |
| 082 ## - DEWEY DECIMAL CLASSIFICATION NUMBER | |
| Classification number | 005.133 |
| 090 ## - LOCALLY ASSIGNED LC-TYPE CALL NUMBER (OCLC); LOCAL CALL NUMBER (RLIN) | |
| -- | 7033 |
| -- | 7033 |
| 100 ## - MAIN ENTRY--PERSONAL NAME | |
| Personal name | Kanetkar, Yashavant P. |
| 245 ## - TITLE STATEMENT | |
| Title | C++.NET fundas |
| Statement of responsibility, etc. | Yashavant P.Kanetkar |
| 260 ## - PUBLICATION, DISTRIBUTION, ETC. | |
| Place of publication, distribution, etc. | Singapore |
| Name of publisher, distributor, etc. | Tech Publications |
| Date of publication, distribution, etc. | 2002 |
| 300 ## - PHYSICAL DESCRIPTION | |
| Extent | 222 p. |
| 650 ## - SUBJECT ADDED ENTRY--TOPICAL TERM | |
| Topical term or geographic name entry element | C++ (Computer program language)--Microsoft .NET |
| 700 ## - ADDED ENTRY--PERSONAL NAME | |
| Personal name | Yashavant P.Kanetkar |
| 942 ## - ADDED ENTRY ELEMENTS (KOHA) | |
| Koha item type | Book |
| Call number prefix | 005.133 KAN |
| Withdrawn status | Lost status | Damaged status | Not for loan | Collection code | Permanent Location | Current Location | Shelving location | Date acquired | Source of acquisition | Cost, normal purchase price | Total Checkouts | Full call number | Barcode | Date last seen | Price effective from | Koha item type |
|---|---|---|---|---|---|---|---|---|---|---|---|---|---|---|---|---|
| Central Library (CL) | Central Library (CL) | First Floor - Software Engineering/ Programming Language | 04/13/2012 | Allied Book Company | 475.20 | 005.133 KAN | SEECS011194 | 11/14/2012 | 01/05/2017 | Book | ||||||
| Central Library (CL) | Central Library (CL) | First Floor - Software Engineering/ Programming Language | 04/13/2012 | Allied Book Company | 475.20 | 005.133 KAN | SEECS011193 | 11/14/2012 | 01/05/2017 | Book | ||||||
| Central Library (CL) | Central Library (CL) | First Floor - Software Engineering/ Programming Language | 04/13/2012 | Allied Book Company | 475.20 | 005.133 KAN | SEECS011192 | 11/14/2012 | 01/05/2017 | Book |
